|
|
|
|
| LEADER |
00857nam a2200241 a 4500 |
| 001 |
000452828 |
| 003 |
CZ BrMZK |
| 005 |
20051102120731.0 |
| 007 |
ta |
| 008 |
990315s1999 xr f cze d |
| 015 |
|
|
|a cnb000963891
|
| 035 |
|
|
|a (OCoLC)85001363
|
| 040 |
|
|
|a BOA001
|b cze
|
| 080 |
|
|
|a 82-93-343.4=850
|2 MRF
|
| 100 |
1 |
|
|a Linka, Jan,
|d 1971-
|7 xx0012804
|4 com
|
| 245 |
1 |
0 |
|a Sedm pohádek o vysvobození /
|c [k vydání připravili Jan Linka, Petra Svobodová ; ilustrace Petra Svobodová].
|
| 260 |
|
|
|a Praha :
|b Krystal,
|c 1999
|
| 300 |
|
|
|a 142 s., [4] s. barevných obrazových příloh ;
|c 15 cm
|
| 655 |
|
7 |
|a pohádky
|7 fd133054
|2 czenas
|
| 700 |
1 |
|
|a Svobodová, Petra,
|c ilustrátorka
|4 com
|4 ill
|
| 910 |
|
|
|a BOA001
|b 1-1066.427
|
| 990 |
|
|
|a BK
|
| 996 |
6 |
|
|b 2610105420
|c 1-1066.427
|l MZK
|r Sklad / do 1 hodiny
|n 0
|p p.v.
|w 000452828
|u 000010
|a 1
|e BOA001
|j MZK50
|s P
|